[Event "chess.com IoM Masters"]
[Site "Douglas ENG"]
[Date "2017.09.26"]
[Round "4.26"]
[White "L'Ami, Erwin"]
[Black "Neelotpal, Das"]
[Result "1-0"]
[WhiteTitle "GM"]
[BlackTitle "GM"]
[WhiteElo "2611"]
[BlackElo "2448"]
[WhiteFideId "1007998"]
[BlackFideId "5003512"]
[EventDate "2017.09.23"]

1. c4 e5 2. Nc3 Bb4 3. Nd5 Nc6 4. a3 Bd6 5. e3 Nf6 6. Nxf6+ Qxf6 7. Ne2 O-O 8.
Nc3 Qg6 9. b4 b6 10. Bb2 Bb7 11. Nb5 a5 12. Nxd6 cxd6 13. b5 Ne7 14. f3 Rfe8 15.
e4 f5 16. d3 Rac8 17. Rc1 Rf8 18. Qd2 Ba8 19. a4 Qf6 20. g3 fxe4 21. fxe4 Rf7
22. Bg2 Rcf8 23. Rc2 Ng6 24. Qe3 Qd8 25. Rf1 Rxf1+ 26. Bxf1 Qc7 27. Ba3 Rf6 28.
Rf2 Rxf2 29. Kxf2 Nf8 30. Qg5 Kf7 31. Qh5+ g6 32. Qh4 h5 33. g4 hxg4 34. Be2 Bb7
35. Kg3 Bc8 36. Bxg4 1-0

[Event "chess.com IoM Masters"]
[Site "Douglas ENG"]
[Date "2017.09.26"]
[Round "4.27"]
[White "Sokolov, Ivan"]
[Black "Trent, Lawrence"]
[Result "1-0"]
[WhiteTitle "GM"]
[BlackTitle "IM"]
[WhiteElo "2603"]
[BlackElo "2427"]
[WhiteFideId "14400030"]
[BlackFideId "408638"]
[EventDate "2017.09.23"]

1. d4 d5 2. c4 e5 3. dxe5 d4 4. a3 Nc6 5. e3 Nh6 6. Nf3 Bg4 7. Be2 dxe3 8. Qxd8+
Rxd8 9. Bxe3 Nf5 10. Bg5 Be7 11. Bxe7 Nfxe7 12. Nc3 Bxf3 13. Bxf3 Nxe5 14. Bxb7
Rb8 15. Ba6 Nd3+ 16. Ke2 Nc5 17. Bb5+ c6 18. b4 Nb3 19. Rad1 cxb5 20. Nxb5 O-O
21. Kd3 a6 22. Nd6 a5 23. Kc3 a4 24. c5 Nc6 25. Rhe1 f6 26. f4 h5 27. Kc4 Rfd8
28. h4 Kf8 29. Rd5 g6 30. Rd3 Kg8 31. Kd5 Na7 32. Rg3 Kh7 1-0

[Event "chess.com IoM Masters"]
[Site "Douglas ENG"]
[Date "2017.09.26"]
[Round "4.28"]
[White "Harsha, Bharathakoti"]
[Black "Bogner, Sebastian"]
[Result "1-0"]
[WhiteTitle "IM"]
[BlackTitle "GM"]
[WhiteElo "2394"]
[BlackElo "2599"]
[WhiteFideId "5078776"]
[BlackFideId "4692055"]
[EventDate "2017.09.23"]

1. c4 Nf6 2. Nc3 e5 3. Nf3 Nc6 4. e3 g6 5. d4 d6 6. Be2 Bg7 7. dxe5 Nxe5 8. Nxe5
dxe5 9. Qxd8+ Kxd8 10. b3 Re8 11. Ba3 Bf8 12. O-O-O+ Nd7 13. Bb2 c6 14. Ne4 Kc7
15. g4 h6 16. h4 f5 17. gxf5 gxf5 18. Bh5 Re6 19. Bf7 Re7 20. Nd6 Nf6 21. Bg6
Ng4 22. Nxc8 Rxc8 23. Rd2 Rg7 24. Bxf5 Re8 25. Rhd1 Kb6 26. h5 Bb4 27. Re2 Rg5
28. Bg6 Rf8 29. a3 Be7 30. Rd7 Bd8 31. f4 1-0

[Event "chess.com IoM Masters"]
[Site "Douglas ENG"]
[Date "2017.09.26"]
[Round "4.30"]
[White "Huschenbeth, Niclas"]
[Black "Tarjan, James"]
[Result "1-0"]
[WhiteTitle "GM"]
[BlackTitle "GM"]
[WhiteElo "2596"]
[BlackElo "2412"]
[WhiteFideId "24604747"]
[BlackFideId "2000180"]
[EventDate "2017.09.23"]

1. e4 e5 2. Nf3 Nc6 3. Bc4 Nf6 4. Ng5 d5 5. exd5 Na5 6. Bb5+ c6 7. dxc6 bxc6 8.
Bd3 Nd5 9. h4 Qc7 10. Be4 h6 11. Nf3 Bd6 12. O-O O-O 13. d4 Bg4 14. Bxd5 cxd5
15. dxe5 Bxe5 16. Qxd5 Bxf3 17. Qxf3 Qxc2 18. Nc3 Nc4 19. Re1 Rad8 20. Qe4 Qd3
21. Rb1 Na3 22. Qxd3 Rxd3 23. bxa3 Bxc3 24. Rf1 Rfd8 25. g3 h5 26. Rb7 a5 27.
Bg5 Re8 28. Rc1 Bd4 29. Kg2 f6 30. Bf4 Re2 31. Bh6 Rxf2+ 32. Kh3 Kh7 33. Bxg7
Kg6 34. Bf8 Rdd2 35. Rh1 Be5 36. Rg7+ Kf5 37. Bc5 Rg2 38. Bb6 a4 39. Bc7 Rxa2
40. Bxe5 Kxe5 41. Rh7 f5 42. Rxh5 Rgf2 43. Rg5 Kf6 44. Rg8 Kf7 45. Ra8 Rxa3 46.
Ra7+ Kg6 47. Rb1 f4 48. h5+ Kf6 49. Rb6+ Ke5 50. Ra5+ Kd4 51. Rb4+ Ke3 52. Raxa4
Rxa4 53. Rxa4 f3 54. Ra3+ Ke4 55. Kg4 Rf1 56. h6 Rh1 57. Rxf3 Rxh6 58. Rf8 Rg6+
59. Kh4 Ke5 60. g4 Ra6 61. g5 Ra1 62. Kh5 1-0

[Event "chess.com IoM Masters"]
[Site "Douglas ENG"]
[Date "2017.09.26"]
[Round "4.31"]
[White "Svane, Rasmus"]
[Black "L'Ami, Alina"]
[Result "1/2-1/2"]
[WhiteTitle "GM"]
[BlackTitle "IM"]
[WhiteElo "2595"]
[BlackElo "2286"]
[WhiteFideId "4657101"]
[BlackFideId "1210246"]
[EventDate "2017.09.23"]

1. d4 Nf6 2. c4 g6 3. Nc3 Bg7 4. e4 d6 5. h3 O-O 6. Be3 Na6 7. g4 c5 8. Nge2 Qa5
9. Bg2 cxd4 10. Nxd4 Qb4 11. a3 Qxc4 12. g5 Nh5 13. Nd5 Nc5 14. b3 Qd3 15. b4
Qxd1+ 16. Rxd1 Ne6 17. Bf3 Nxd4 18. Rxd4 Bxd4 19. Nxe7+ Kh8 20. Bxd4+ Ng7 21. h4
Re8 22. Bf6 Be6 23. h5 gxh5 24. Bxh5 Rxe7 25. Bxe7 Nxh5 26. Rxh5 Re8 27. Bf6+
Kg8 28. Kd2 Bg4 29. Rh1 Bf3 30. Re1 Bxe4 31. b5 Re6 32. Rc1 h5 33. Rc8+ Kh7 34.
Rh8+ Kg6 35. Rh6+ Kf5 36. Rxh5 Re8 37. Rh7 Ke6 38. Rh3 Kd7 39. Bd4 a6 40. bxa6
bxa6 41. Rb3 Rc8 42. Rb4 Rc2+ 43. Ke3 Bd5 44. Rb6 Bc4 45. Bg7 Bb5 46. a4 Bxa4
47. Rxa6 Re2+ 48. Kf3 Ra2 49. Ra7+ Ke6 50. Kg3 Bb3 51. Rc7 Bd5 52. Rc3 Ra4 53.
f3 Rb4 54. Re3+ Kf5 55. Rd3 Ke6 56. Bc3 Rc4 57. Bd2 Ra4 58. Bc1 Rb4 59. Re3+ Kf5
60. Ba3 Rb3 61. Rxb3 1/2-1/2

[Event "chess.com IoM Masters"]
[Site "Douglas ENG"]
[Date "2017.09.26"]
[Round "4.33"]
[White "Rathnakaran, K."]
[Black "Tregubov, Pavel V."]
[Result "1/2-1/2"]
[WhiteTitle "IM"]
[BlackTitle "GM"]
[WhiteElo "2326"]
[BlackElo "2589"]
[WhiteFideId "5005507"]
[BlackFideId "4115341"]
[EventDate "2017.09.23"]

1. e4 c5 2. Nf3 e6 3. d3 Nc6 4. g3 Nge7 5. Bg2 g6 6. O-O Bg7 7. Re1 d6 8. Nbd2
O-O 9. Nf1 h6 10. c3 e5 11. Bd2 a6 12. a4 Be6 13. b4 cxb4 14. cxb4 b5 15. Ne3
Qd7 16. Bc3 Rac8 17. axb5 axb5 18. d4 Nxd4 19. Bxd4 exd4 20. Nxd4 Bc4 21. Ra3
Rfd8 22. Nd5 Qb7 23. Ra5 Re8 24. Nf6+ Bxf6 25. e5 Nd5 26. exf6 Rxe1+ 27. Qxe1
Qb6 28. Qa1 Qd8 29. Nxb5 Nxb4 30. Na7 Rb8 31. h4 d5 32. h5 g5 33. Bh3 Nc2 34.
Qe5 Rb1+ 35. Kh2 Re1 36. Nc6 Rxe5 37. Nxd8 Re8 38. Nc6 Be2 39. Bd7 Rf8 40. Ra2
Bd3 41. Ne7+ Kh8 42. Nxd5 Rd8 43. Ra7 Nd4 44. g4 Nf3+ 45. Kg3 Ne5 46. Nb6 Rb8
47. f4 gxf4+ 48. Kxf4 Nxg4 49. Bxg4 Rxb6 50. Rxf7 Kg8 51. Rd7 Bc4 52. Ke5 Rb5+
53. Kf4 Rb6 54. Rc7 Bb3 55. Ke5 Rb5+ 56. Kd6 Rd5+ 57. Ke7 Re5+ 58. Kd8 Kf8 59.
Rh7 Re4 60. Bd7 Rd4 61. Kc7 Rf4 62. Rxh6 Kf7 63. Rh8 Kxf6 64. h6 Rh4 65. Be8 Bc2
66. Kd6 Kg5 67. Ke5 Re4+ 68. Kd6 Rh4 1/2-1/2

[Event "chess.com IoM Masters"]
[Site "Douglas ENG"]
[Date "2017.09.26"]
[Round "4.35"]
[White "Akobian, Varuzhan"]
[Black "Sundararajan, Kidambi"]
[Result "1/2-1/2"]
[WhiteTitle "GM"]
[BlackTitle "GM"]
[WhiteElo "2662"]
[BlackElo "2426"]
[WhiteFideId "13300580"]
[BlackFideId "5005370"]
[EventDate "2017.09.23"]

1. d4 Nf6 2. c4 e6 3. Nc3 Bb4 4. Qc2 O-O 5. a3 Bxc3+ 6. Qxc3 d6 7. Bg5 Nbd7 8.
e3 b6 9. Ne2 c5 10. Qc2 Bb7 11. Rd1 Rc8 12. Nc3 cxd4 13. Rxd4 Rc5 14. f4 h6 15.
Bh4 e5 16. Rd2 exf4 17. exf4 Re8+ 18. Kd1 Rh5 19. Bxf6 Nxf6 20. Kc1 Rh4 21. Bd3
Rxf4 22. Rhd1 Ne4 23. Bxe4 Bxe4 24. Qa4 Bf5 25. Rxd6 Qc8 26. Qxe8+ Qxe8 27. Rd8
Kf8 28. b3 Rf2 29. Rxe8+ Kxe8 30. Rd2 Rxd2 31. Kxd2 Kd7 32. Ke3 Be6 33. Kd4 f6
34. b4 h5 35. c5 bxc5+ 36. Kxc5 Bf5 37. a4 h4 38. Nb5 a6 39. Nd6 Bd3 40. Nc4 Be4
41. g3 hxg3 42. hxg3 Bd3 43. Ne3 Ke6 44. Nd5 g5 45. Kd4 Be2 46. Nc3 Bf3 47. b5
axb5 48. axb5 f5 49. b6 Kd6 50. Nb5+ Kc6 51. b7 Kxb7 52. Nd6+ Kc6 53. Nxf5 Kd7
54. Ke5 Ke8 55. Kf6 g4 56. Nh6 Kf8 57. Kg5 Kg7 58. Nxg4 Bxg4 59. Kxg4 Kg6 60.
Kf4 Kf6 61. g4 Kg6 62. g5 Kg7 63. Kf5 Kf7 64. g6+ Kg7 65. Kg5 Kg8 66. Kf6 Kf8
67. Ke6 Kg7 68. Kf5 Kg8 69. Kf6 Kf8 70. g7+ Kg8 71. Kg6 1/2-1/2

[Event "chess.com IoM Masters"]
[Site "Douglas ENG"]
[Date "2017.09.26"]
[Round "4.36"]
[White "Swayams, Mishra"]
[Black "Ju, Wenjun"]
[Result "0-1"]
[WhiteTitle "IM"]
[BlackTitle "GM"]
[WhiteElo "2444"]
[BlackElo "2574"]
[WhiteFideId "5028183"]
[BlackFideId "8603006"]
[EventDate "2017.09.23"]

1. d4 Nf6 2. c4 e6 3. Nf3 b6 4. a3 Ba6 5. e3 d5 6. b3 Be7 7. Be2 O-O 8. O-O c5
9. Bb2 cxd4 10. exd4 dxc4 11. bxc4 Nc6 12. Nbd2 Rc8 13. Rc1 Na5 14. Ne5 Nd7 15.
Nef3 Rc7 16. Bd3 Nc5 17. Be2 Bf6 18. Bc3 Ncb7 19. c5 Bxe2 20. Qxe2 bxc5 21. Bxa5
Nxa5 22. Rxc5 Nb7 23. Rxc7 Qxc7 24. Ne4 Be7 25. Qa6 Na5 26. a4 Rb8 27. h3 g6 28.
Rd1 Qc2 29. Re1 Nc6 30. Nc5 Nxd4 31. Nxd4 Qxc5 32. Nc6 Bh4 33. Rf1 Bxf2+ 34. Kh1
Rb2 35. Qc8+ Kg7 36. Qe8 Rc2 37. Nd8 Qc7 38. Nxe6+ fxe6 39. Qxe6 Rc1 40. Qe2
Rxf1+ 41. Qxf1 Bg3 0-1

[Event "chess.com IoM Masters"]
[Site "Douglas ENG"]
[Date "2017.09.26"]
[Round "4.37"]
[White "Arkell, Keith C"]
[Black "Aravindh, Chithambaram VR."]
[Result "0-1"]
[WhiteTitle "GM"]
[BlackTitle "GM"]
[WhiteElo "2415"]
[BlackElo "2573"]
[WhiteFideId "400270"]
[BlackFideId "5072786"]
[EventDate "2017.09.23"]

1. d4 Nf6 2. Nf3 d5 3. c4 e6 4. cxd5 exd5 5. Nc3 Bb4 6. Qa4+ Nc6 7. Bg5 h6 8.
Bxf6 Qxf6 9. e3 O-O 10. Be2 Rd8 11. O-O Bf8 12. Rfc1 Ne7 13. b4 a6 14. Qb3 c6
15. a4 Be6 16. Nd1 Nf5 17. Nb2 Nd6 18. Nd3 Re8 19. Nc5 Bg4 20. Qd1 Bxf3 21. Bxf3
Re7 22. Be2 g6 23. b5 axb5 24. axb5 Rxa1 25. Rxa1 cxb5 26. Qb3 Rc7 27. Qxd5 Rxc5
28. Qxc5 Ne4 29. Qxb5 Qxf2+ 30. Kh1 Qxe3 31. Rf1 Nf2+ 32. Rxf2 Qxf2 33. g3 Bg7
34. Qe8+ Kh7 35. Qe4 Bxd4 36. Qg2 Qe3 37. h4 Be5 38. h5 Qxg3 39. hxg6+ Kxg6 40.
Bd3+ Kg7 0-1

[Event "chess.com IoM Masters"]
[Site "Douglas ENG"]
[Date "2017.09.26"]
[Round "4.38"]
[White "Wallace, John Paul"]
[Black "Wagner, Dennis"]
[Result "0-1"]
[WhiteTitle "IM"]
[BlackTitle "GM"]
[WhiteElo "2413"]
[BlackElo "2564"]
[WhiteFideId "3200957"]
[BlackFideId "24650684"]
[EventDate "2017.09.23"]

1. e4 e5 2. Nf3 Nc6 3. Bb5 a6 4. Ba4 Nf6 5. O-O Be7 6. Re1 b5 7. Bb3 O-O 8. h3
Bb7 9. d3 d5 10. exd5 Nxd5 11. Nbd2 Qd7 12. a4 f6 13. Ne4 Na5 14. Ba2 c5 15. Bd2
b4 16. c3 Kh8 17. Rc1 bxc3 18. bxc3 c4 19. d4 Nf4 20. Bxf4 exf4 21. Ned2 Bd5 22.
Bb1 Ba3 23. Rc2 Rab8 24. Ra2 Bd6 25. Nh4 g6 26. Ne4 Be7 27. Rae2 Nc6 28. Nf3 Ba3
29. Bc2 Qc7 30. Ned2 Rfd8 31. Be4 Bf7 32. h4 Ne7 33. h5 Kg7 34. Nb1 Bd6 35. Nh2
g5 36. Bf3 f5 37. d5 Bc5 38. Re5 Rb2 39. Kh1 h6 40. Nd2 Nxd5 41. Qc1 Ra2 42.
Nxc4 Bxf2 43. Rd1 Ne3 44. Rxd8 Qxd8 45. Nb2 g4 46. c4 Qd4 0-1

[Event "chess.com IoM Masters"]
[Site "Douglas ENG"]
[Date "2017.09.26"]
[Round "4.39"]
[White "Vishnu Prasanna, V"]
[Black "Hemant, Sharma2"]
[Result "1-0"]
[WhiteTitle "GM"]
[BlackTitle "IM"]
[WhiteElo "2543"]
[BlackElo "2342"]
[WhiteFideId "5030692"]
[BlackFideId "5025842"]
[EventDate "2017.09.23"]

1. d4 d5 2. c4 e6 3. Nc3 Nf6 4. Bf4 Be7 5. e3 O-O 6. Nf3 b6 7. Bd3 dxc4 8. Bxc4
Bb7 9. O-O Ne4 10. Nxe4 Bxe4 11. Rc1 Bd6 12. Bg3 Bxg3 13. hxg3 Qd6 14. Ng5 Bg6
15. Be2 c6 16. Qa4 e5 17. Nf3 exd4 18. Nxd4 Be4 19. Nb5 Qe7 20. Nc3 Bg6 21. Bf3
b5 22. Qh4 Qxh4 23. gxh4 a5 24. Rfd1 Ra6 25. Ne2 Bf5 26. Nd4 Bd7 27. Rc5 Rb6 28.
Nf5 f6 29. g4 g6 30. Ng3 Kf7 31. g5 Ke7 32. Ne4 fxg5 33. Re5+ Kd8 34. Nxg5 Kc8
35. Re7 h6 36. Nf7 c5 37. Rd5 c4 38. Rc5+ Nc6 39. Ne5 Rxf3 40. Nxf3 Kd8 41. Rg7
Ne7 42. Ne5 Be8 43. a4 bxa4 44. Rxa5 1-0

[Event "chess.com IoM Masters"]
[Site "Douglas ENG"]
[Date "2017.09.26"]
[Round "4.40"]
[White "Perelshteyn, Eugene"]
[Black "Ragnarsson, Dagur"]
[Result "1-0"]
[WhiteTitle "GM"]
[BlackTitle "FM"]
[WhiteElo "2524"]
[BlackElo "2340"]
[WhiteFideId "2012529"]
[BlackFideId "2304058"]
[EventDate "2017.09.23"]

1. Nf3 Nf6 2. g3 g6 3. b3 Bg7 4. Bb2 O-O 5. Bg2 c5 6. c4 Nc6 7. O-O d6 8. d3 Bg4
9. h3 Bd7 10. Nc3 a6 11. Qd2 Rb8 12. Nd5 e5 13. Ng5 Nxd5 14. cxd5 Ne7 15. a3 Qb6
16. b4 cxb4 17. Qxb4 Qxb4 18. axb4 f5 19. Rfc1 Rfc8 20. Ne6 Bh6 21. e3 Bb5 22.
f4 Bxd3 23. Rxc8+ Rxc8 24. fxe5 Bxe3+ 25. Kh1 Rc2 26. exd6 Rxb2 27. dxe7 Bb5 28.
Nc7 Kf7 29. d6 Bd7 30. Bd5+ Kf6 31. Re1 f4 32. gxf4 Bb6 33. Be6 Bc6+ 34. Nd5+
Kg7 35. d7 Rxb4 36. d8=Q Rxf4 37. Qxb6 Bxd5+ 38. Bxd5 Kh6 39. Qe3 g5 40. Qxf4 1-0

[Event "chess.com IoM Masters"]
[Site "Douglas ENG"]
[Date "2017.09.26"]
[Round "4.41"]
[White "Arjun, Kalyan"]
[Black "Lubbe, Nikolas"]
[Result "1-0"]
[BlackTitle "IM"]
[WhiteElo "2406"]
[BlackElo "2515"]
[WhiteFideId "35018701"]
[BlackFideId "4694031"]
[EventDate "2017.09.23"]

1. e4 e6 2. d4 d5 3. Nc3 Bb4 4. e5 c5 5. a3 Bxc3+ 6. bxc3 Qa5 7. Bd2 Qa4 8. Qg4
Kf8 9. Qd1 Ne7 10. Nf3 Nbc6 11. dxc5 Ng6 12. c4 dxc4 13. Be2 h6 14. O-O Ke7 15.
Qc1 Rd8 16. Bc3 Rd5 17. Qe3 Kf8 18. Nd2 Ngxe5 19. f4 Ng6 20. Bxc4 Rxd2 21. Bb3
Rxg2+ 22. Kxg2 Qa6 23. Rad1 Nh4+ 24. Kg1 Nf5 25. Qf2 Ke8 26. Rd3 Bd7 27. Rfd1
Rd8 28. Qd2 Nb8 29. Be5 Qxa3 30. Bxb8 Qxc5+ 31. Qf2 1-0

[Event "chess.com IoM Masters"]
[Site "Douglas ENG"]
[Date "2017.09.26"]
[Round "4.42"]
[White "Roberson, Peter T"]
[Black "Olafsson, Helgi"]
[Result "1-0"]
[WhiteTitle "IM"]
[BlackTitle "GM"]
[WhiteElo "2403"]
[BlackElo "2512"]
[WhiteFideId "412384"]
[BlackFideId "2300010"]
[EventDate "2017.09.23"]

1. e4 c6 2. Nf3 d5 3. Nc3 Bg4 4. h3 Bxf3 5. Qxf3 e6 6. d3 Bb4 7. Bd2 d4 8. Nb1
Bxd2+ 9. Nxd2 Nf6 10. e5 Nfd7 11. Qg4 g5 12. Qxd4 Qa5 13. c3 Qxe5+ 14. Qxe5 Nxe5
15. Ne4 h6 16. Nd6+ Ke7 17. Nxb7 a5 18. Nc5 Nbd7 19. Nxd7 Nxd7 20. d4 Rab8 21.
O-O-O Rb6 22. a4 Rhb8 23. Rd2 Nf6 24. Bd3 Kd6 25. Re1 R6b7 26. Re5 Ra7 27. Bc2
Nd7 28. Re3 Rab7 29. b3 Nf6 30. Rf3 Ke7 31. c4 Rd8 32. Re3 Kd6 33. Kb2 Ra7 34.
Kc3 Rb8 35. h4 Ke7 36. hxg5 hxg5 37. Re5 g4 38. Rd1 Rh8 39. g3 Rh2 40. Rd2 Rh8
41. Rde2 Kd6 42. Rg5 Rh2 43. Bd3 Ra8 44. Rg7 Ke7 45. Bg6 Rf8 46. Bf5 Kd6 47. c5+
Kc7 48. Bxg4 1-0

[Event "chess.com IoM Masters"]
[Site "Douglas ENG"]
[Date "2017.09.26"]
[Round "4.44"]
[White "Brown, Michael William"]
[Black "Kolbus, Dietmar"]
[Result "1-0"]
[WhiteTitle "IM"]
[BlackTitle "IM"]
[WhiteElo "2499"]
[BlackElo "2320"]
[WhiteFideId "2037602"]
[BlackFideId "4610628"]
[EventDate "2017.09.23"]

1. d4 d5 2. c4 c6 3. Bf4 dxc4 4. e3 Be6 5. Nf3 Nf6 6. Be2 Nbd7 7. O-O Nb6 8. Qc2
Bg4 9. h3 Bh5 10. Nbd2 e6 11. e4 Bb4 12. Nxc4 Bxf3 13. Bxf3 Qxd4 14. Ne5 Be7 15.
a4 Nfd7 16. Rfd1 Qc5 17. Qxc5 Nxc5 18. a5 Nbd7 19. Nc4 Na6 20. Nd6+ Bxd6 21.
Bxd6 Rc8 22. Be2 Nc7 23. a6 b6 24. Rac1 Nb8 25. b4 b5 26. e5 Kd7 27. Bxb5 Nxb5
28. Bxb8+ Ke8 29. Bd6 f5 30. exf6 gxf6 31. Rd2 Kf7 32. Bf4 e5 33. Be3 Ke6 34. f4
h5 35. fxe5 fxe5 36. Bf2 Kf5 37. Rd7 Rh6 38. Bxa7 c5 39. Bxc5 Rxa6 40. Rf1+ Ke4
41. Rh7 Re8 42. Rxh5 Kd3 43. Rf8 Ree6 44. Rb8 Ra1+ 45. Kh2 Nc3 46. Rd8+ Kc2 47.
Rc8 Kb3 48. Rf5 Rd1 49. Rb8 e4 50. b5 e3 51. Bxe3 Rxe3 52. b6 Rd7 53. Rc8 Rb7
54. Rc6 Kb4 55. h4 Re4 56. h5 Na4 57. h6 Nxb6 58. Rh5 Re8 59. Rf6 Nc4 60. Rf4
Rc7 61. g4 Kc3 62. Rh3+ Kc2 63. Rf2+ Nd2 64. g5 Rc6 65. Rg2 Rg6 66. Ra3 Rd8 67.
Ra2+ Kd1 68. Ra1+ Kc2 69. Ra2+ Kd1 70. Raxd2+ Rxd2 71. Rxd2+ Kxd2 72. h7 Rxg5
73. h8=Q Rd5 74. Kg3 Kd3 75. Kf4 Rd4+ 76. Ke5 Kc3 77. Qa8 Rc4 78. Qa3+ Kd2 79.
Qf3 Rc3 80. Qf2+ Kd3 81. Qf1+ Ke3 82. Qe1+ Kd3 83. Qe4+ Kd2 84. Kd4 Rc8 85. Qf4+
Ke1 86. Qg3+ Kd2 87. Qg5+ Ke1 88. Kd3 Kf2 89. Qf5+ 1-0

[Event "chess.com IoM Masters"]
[Site "Douglas ENG"]
[Date "2017.09.26"]
[Round "4.45"]
[White "Karavade, Eesha"]
[Black "Hambleton, Aman"]
[Result "1/2-1/2"]
[WhiteTitle "IM"]
[BlackTitle "IM"]
[WhiteElo "2384"]
[BlackElo "2479"]
[WhiteFideId "5012600"]
[BlackFideId "2606577"]
[EventDate "2017.09.23"]

1. e4 e6 2. d4 d5 3. Nc3 Bb4 4. Ne2 Nc6 5. a3 Ba5 6. b4 Bb6 7. Bb2 Nge7 8. e5
Bd7 9. Na4 O-O 10. Nxb6 axb6 11. g3 f6 12. Nf4 fxe5 13. dxe5 Rxf4 14. gxf4 Nf5
15. Bd3 Nce7 16. Rg1 h6 17. c4 Ba4 18. Qd2 Qf8 19. Rc1 Rd8 20. Qe2 dxc4 21. Bxc4
Nd5 22. Qe4 Qe8 23. Rg3 Bc6 24. Rd3 b5 25. Bb3 Qg6 26. Rcd1 Kh7 27. Bxd5 exd5
28. Qe2 d4 29. Bxd4 Bd5 30. Rg3 Nxg3 31. fxg3 Bb3 32. Rd2 Bc4 33. Qd1 Qe4+ 34.
Kf2 Bd5 35. Qc2 c6 36. Qxe4+ Bxe4 37. g4 h5 38. Ke3 Bd5 39. h3 Kg6 40. Bc5 hxg4
41. hxg4 Rh8 42. Rd3 Rh3+ 43. Kd4 Rxd3+ 44. Kxd3 Bf3 45. g5 Kf5 46. Be3 g6 47.
Kd4 b6 48. Kd3 Ke6 49. Bxb6 Bg4 50. Kd4 Kd7 51. Bc5 Be6 52. Bf8 1/2-1/2

[Event "chess.com IoM Masters"]
[Site "Douglas ENG"]
[Date "2017.09.26"]
[Round "4.46"]
[White "Salomon, Johan"]
[Black "Ojas, Kulkarni"]
[Result "1-0"]
[WhiteTitle "GM"]
[WhiteElo "2476"]
[BlackElo "2289"]
[WhiteFideId "1509500"]
[BlackFideId "25040073"]
[EventDate "2017.09.23"]

1. Nf3 d5 2. d4 c5 3. c4 e6 4. cxd5 exd5 5. Nc3 Nc6 6. dxc5 d4 7. Na4 Bxc5 8.
Nxc5 Qa5+ 9. Bd2 Qxc5 10. e3 Bg4 11. Rc1 Qd6 12. Bc4 Nf6 13. Qb3 O-O 14. Nxd4
Nxd4 15. exd4 b5 16. Qxb5 Ne4 17. Be3 Rab8 18. Qa5 Rxb2 19. O-O Qg6 20. Kh1 Rfb8
21. Qe5 Kh8 22. Bb3 1-0

[Event "chess.com IoM Masters"]
[Site "Douglas ENG"]
[Date "2017.09.26"]
[Round "4.47"]
[White "Woellermann, Jan"]
[Black "Basso, Pier Luigi"]
[Result "0-1"]
[BlackTitle "IM"]
[WhiteElo "2384"]
[BlackElo "2460"]
[WhiteFideId "24661155"]
[BlackFideId "866970"]
[EventDate "2017.09.23"]

1. d4 d5 2. c4 e6 3. Nf3 Nf6 4. g3 dxc4 5. Bg2 Bd7 6. Ne5 Bc6 7. Nxc6 Nxc6 8. e3
Qd7 9. O-O Rd8 10. Qe2 e5 11. Qxc4 exd4 12. exd4 Nxd4 13. Nc3 Be7 14. Bg5 O-O
15. Rad1 Rfe8 16. Bxb7 Qg4 17. Bf4 Ne6 18. f3 Qh5 19. Rxd8 Rxd8 20. Be3 Rb8 21.
Bd5 Rb4 22. Qd3 Rxb2 23. Rf2 Rxf2 24. Bxf2 c5 25. Bxe6 fxe6 26. Kg2 Qe5 27. Qc4
Nd5 28. Ne4 Qb2 29. Qb3 Qe2 30. Kg1 c4 31. Qb8+ Kf7 32. Qxa7 c3 0-1

[Event "chess.com IoM Masters"]
[Site "Douglas ENG"]
[Date "2017.09.26"]
[Round "4.48"]
[White "Ledger, Andrew J"]
[Black "Paehtz, Elisabeth"]
[Result "1-0"]
[WhiteTitle "IM"]
[BlackTitle "IM"]
[WhiteElo "2361"]
[BlackElo "2453"]
[WhiteFideId "400610"]
[BlackFideId "4641833"]
[EventDate "2017.09.23"]

1. d4 e6 2. c4 b6 3. a3 Bb7 4. Nc3 f5 5. d5 Nf6 6. g3 Na6 7. Bg2 Nc5 8. Nh3 Bd6
9. Nf4 O-O 10. O-O Qe7 11. Qc2 a5 12. Be3 e5 13. Nd3 e4 14. Nxc5 Bxc5 15. Bxc5
Qxc5 16. Rac1 Kh8 17. Na4 Qe7 18. Nc3 Ng4 19. h3 Ne5 20. Nb5 Rac8 21. Rfd1 c6
22. dxc6 Rxc6 23. Qd2 Rg6 24. Qe3 Bc6 25. Nc7 Qc5 26. Qxc5 bxc5 27. Nd5 Rb8 28.
Ne7 Rf6 29. Nxc6 dxc6 30. Rc2 h5 31. f4 exf3 32. Bxf3 g6 33. Kf2 Kg7 34. Rdd2
Kf7 35. Rc3 Ke7 36. a4 Re6 37. b3 Rf8 38. e3 g5 39. Bd1 Nd7 40. Kg2 Nf6 41. Bc2
Ne8 42. Bd1 Nd6 43. Rcd3 h4 44. g4 f4 45. exf4 Rxf4 46. Bf3 Kd7 47. Re2 Rxe2+
48. Bxe2 Rd4 49. Kf3 Ke6 50. Re3+ Kf6 51. Rd3 Rf4+ 52. Ke3 Re4+ 53. Kf2 Rd4 54.
Kf3 Nb7 55. Ke3 Ke5 56. Rd1 Nd8 57. Rf1 Re4+ 58. Kd3 Rf4 59. Bf3 Kd6 60. Bg2 Ne6
61. Ke3 Ke5 62. Re1 Nd4 63. Kd3+ Kd6 64. Re8 Rf2 65. Be4 Rh2 66. Bf5 Rxh3+ 67.
Ke4 Rh1 68. Rd8+ Ke7 69. Rd7+ Ke8 70. Rh7 Re1+ 71. Kd3 Nxf5 72. gxf5 Re5 73. Rh5
Rxf5 74. Ke4 Rf4+ 75. Ke5 Rg4 76. Kd6 Rg3 77. Kxc5 Kf7 78. b4 axb4 79. Kxb4 Kg6
80. Rh8 Rg1 81. a5 Ra1 82. Rc8 h3 83. Rxc6+ Kf5 84. Rh6 g4 85. Kb5 Kf4 86. c5
Kg3 87. c6 h2 88. c7 Rc1 89. Kb6 Kg2 90. a6 Rb1+ 91. Kc6 Rc1+ 92. Kd7 Rd1+ 93.
Ke8 Re1+ 94. Kf8 h1=Q 95. Rxh1 Rxh1 96. Kg8 Rc1 97. a7 Rxc7 98. a8=Q+ Kh3 99.
Qh1+ Kg3 100. Qg1+ Kh3 101. Qf1+ Kg3 102. Qf5 Re7 103. Qd3+ Kf4 104. Qd6+ Re5
105. Kf7 Kf5 106. Qd7+ Kg5 107. Qd6 Re3 108. Qf6+ 1-0

[Event "chess.com IoM Masters"]
[Site "Douglas ENG"]
[Date "2017.09.26"]
[Round "4.49"]
[White "Rudolf, Anna"]
[Black "Yankelevich, Lev"]
[Result "1-0"]
[WhiteTitle "IM"]
[BlackTitle "IM"]
[WhiteElo "2286"]
[BlackElo "2443"]
[WhiteFideId "722855"]
[BlackFideId "24684074"]
[EventDate "2017.09.23"]

1. e4 c5 2. Nf3 d6 3. Bb5+ Nd7 4. O-O a6 5. Bxd7+ Bxd7 6. Re1 Bg4 7. h3 Bh5 8.
d3 e6 9. Nbd2 Be7 10. Nf1 h6 11. Ng3 Bg6 12. a4 Nf6 13. e5 Nd7 14. Bf4 d5 15. c3
O-O 16. Nh2 Bg5 17. Bxg5 Qxg5 18. d4 Rac8 19. Nf3 Qe7 20. Re3 b6 21. Qe2 Nb8 22.
Kh2 Nc6 23. Qxa6 cxd4 24. Nxd4 Nxd4 25. cxd4 Qb4 26. Ne2 Ra8 27. Qb7 Qxb2 28.
Raa3 Rfb8 29. Qc7 Qc2 30. Qd7 b5 31. Nf4 b4 32. Rab3 Ra6 33. Rg3 Qc6 34. Qe7 Re8
35. Nxg6 fxg6 36. Qxb4 Rxa4 37. Qd2 g5 38. f4 Ra1 39. fxg5 h5 40. g6 h4 41. Rgf3
Qc1 42. Qxc1 Rxc1 43. Rf4 Rf8 44. Rxh4 Rc7 45. Rb6 Re8 46. Rf4 Ra7 47. h4 Rc7
48. h5 Ra7 49. Kh3 Rc7 50. Kh4 Rc2 51. g4 Rc7 52. Rb3 Rec8 53. Rbf3 Rc4 54. g5
Rc1 55. h6 Rh1+ 56. Rh3 Rg1 57. Kh5 Kh8 58. Rf7 Rg8 59. Re7 Rd1 60. hxg7+ 1-0